| 000 | 00000nas##2200000za#4500 |
|---|---|
| 001 | 9.514170 |
| 003 | CaOODSP |
| 005 | 20200331215826 |
| 007 | ta |
| 008 | 150406c2001||||xxc|| p #||||f| |0eng|d |
| 040 | |aCaOODSP|beng |
| 043 | |an-cn--- |
| 086 | 1 |aA47-7E |
| 110 | 1 |aCanada. |bAgriculture and Agri-Food Canada. |bResearch Branch. |
| 245 | 10|aResearch highlights |
| 260 | |aLacombe - Alberta : |bAgriculture and Agri-Food Canada. |
| 310 | |aQuarterly |
| 563 | |aPamphlet |
| 690 | 07|aAgri-food industry|2gcpds |
| 690 | 07|aAgri-food products|2gcpds |
| 690 | 07|aAgriculture|2gcpds |
| 776 | 0#|tResearch highlights |w(CaOODSP)9.506133 |